Dokończ tekst: Kizo - Statystyki

Ogólne statystyki
  • Ten quiz został rozwiązany 247 razy
  • Średni wynik to 3 z 10
Statystyki odpowiedzi
Utwór Poprzedni Wers Wers % Poprawnych
Lucky Punch Od knajpy do sklepu to cardio Przez Włochy se śmigać Italią
55%
Toskania Krętymi drogami na skraju Krętymi drogami na haju
44%
Czempion Mych ludzi co poznali piekło Krzyczę głośno: Każdy z nas to czempion
38%
Fitness Ćwiczę tylko z obciążeniem, fitness, fitness, fitness Złoty łańcuch i kamienie, fitness, fitness, fitness
38%
Futro Wokoło same byki, byku, wciąż sygnały słychać Nie gram na lodowisku, a wiem jak się ślizgać
28%
Banger King Trzecie solo wykonuje - taktyczny ruch Gubisz moje ślady w dymie - potężny buch
27%
Mr.Gino Oddzwonie, z moją małą, jesteśmy na randce Mr. Gino, ja zawsze gotówką płace
23%
Empik Wykręcasz cyfry i dzwonisz po cyfry Wykręcasz cyfry i dzwonisz po cyfry
13%
Gra o tron Jadę do stolicy, moi fani są dzicy W jacuzzi po koncercie sprawdzam beaty, liczę kwity
4%
Ps Tańczy se całe ghetto, Gdańsk, Barcelona, Paris Mało kto tu ma lekko, stąd tyle weedu palimy
2%
Nie znaleziono quizów pasujących do podanych kryteriów
Rozkład punktacji
Procent ludzi z każdym wynikiem
Percentyl według liczby udzielonych odpowiedzi
Twoja historia wyników
Nie rozwiązałeś tego quizu